00833 2200313 4500001002100000005001500021035002000036007000300056040001700059100003600076245004000112250001000152300003000162504002500192020001800217041000800235082001000243084001600253090002400269264003800293336002100331337003000352338002300382650002300405850001000428008004100438990001600479990002400495INLIS00000000000944920260420095931 a0010-1222000054ta aSBPUPADbind0 aGusti Merdeka Putra:ePengarang1 aKelinci Hias /cGusti Merdeka Putra aCet.1 a75 hlm. :bilus. ;c15 cm abibiliografi, hlm 72 a979-489-979-80 aind a636.9 a636.9 GUS k a636.9 GUS k L19 R 9 aJakarta :bPenebar Swadaya,c2006 2rdacontentateks 2rdamediaatanpa perantara 2rdacarrieravolume 4aTeknologi terampil aPUPAD260420 0  a2031/H-2007 a2030/H/ARPUS-PDG 07